000 00653nam a2200229Ia 4500
003 OSt
005 20220923230550.0
006 a|||||r|||| 00| 0
007 ta
008 Pun
024 _a283,285
037 _cTextual
040 _aARTS
_cARTS
_bPun
041 _2Pun
_aPun
082 _aO153,3NRA6x, M2
100 _aਰੰਧਾਵਾ, ਅਖ਼ਗ਼ਲ ਅਹਿਸਨ
245 0 _aਰੰਨ ਤਲਵਾਰ ਤੇ ਘੋੜਾ
260 _c1982
650 _aਪੰਜਾਬੀ ਸਾਹਿਤ
942 _hO153,3NRA6x, M2
_cTEXL
_2CC
999 _c385773
_d385773